00738nam a2200241 a 4500001001300000003000900013005001700022008004100039020001200080082001700092100002100109245004300130260004900173300000900222500003500231505001000266650003700276700002100313902000800334942000700342952013000349999001700479nice12345678IN_TiNIC20260116013429.0050524s1990 miaa grp 000 0 eng  ac563.500a955.054bESP aEsposito, John L aIranian Revolutionb Its Global Impact aMiamibFlorida International Uni.Pressc1990 a340p aincludes index and biblioraphy2 aIndex aIran-Relations-Islamic Countries1 aEsposito, John L bSRS cBK 001040708StackRoom-aHMIbHMId2011-02-22g563.50l1o955.054 ESPp019306r2019-02-27s2019-02-19v563.50w2005-05-24yBK c10948d10948